| 000 | 01319nam a2200265 i 4500 | ||
|---|---|---|---|
| 001 | 163552 | ||
| 003 | ES-MaACL | ||
| 005 | 20240228204518.0 | ||
| 008 | 000706s1889 sp |||| |dspa d | ||
| 040 |
_aCCPB | B _bspa _cCCPB | B |
||
| 100 | 1 |
_aRíos Rosas, Antonio de los, _d1812-1873 _9162680 |
|
| 245 | 1 | 0 |
_aDiscursos académicos de Ríos Rosas y otros trabajos / _ccon un estudio preliminar sobre el autor escrito por Juan Pérez de Guzmán. |
| 260 |
_aMadrid : _bAdministración, _c1889 ( _eRonda : _fImp. de El Tajo) |
||
| 300 |
_a214, [4] p. ; _c17 cm. |
||
| 490 | 1 |
_aBiblioteca andaluza. _a2ª Serie ; _vt. 8 ; _v18 |
|
| 594 | _aDiscursos leídos el 29 de octubre de 1852 en la sesión inaugural de la Academia Matritense de Jurisprudencia y Legislación. | ||
| 596 | _aFecha tomada del colofón. | ||
| 600 | 1 | 4 |
_aRíos Rosas, Antonio de los, _d1812-1873 _9162680 |
| 700 | 1 |
_aPérez de Guzmán y Gallo, Juan, _d1841-1928 _990777 |
|
| 710 | 2 |
_aAcademia Matritense de Jurisprudencia y Legislación. _91204 |
|
| 830 | 0 |
_aBiblioteca andaluza. _a2ª Serie ; _vt. 8 ; _v18 _9188438 |
|
| 852 |
_aES-MaACL _jG-8831 _z- Enc. pasta |
||
| 852 |
_aES-MaACL _jG-329 _z-- Enc. tela _z-- Legado Calderón _x-- Edic.: Son 216 p. -- El imp. y la fecha constan al verso de la port. |
||
| 999 |
_c163552 _d163552 |
||